| 000 | 00909nam a22002417a 4500 | ||
|---|---|---|---|
| 008 | 240605b mp ||||| |||| 00| 0 mon d | ||
| 020 | _a978-99973-1-610-3 | ||
| 035 | _a25556 | ||
| 040 |
_aHE0623081 _bmon _cMN-UlNLM _dMN-UlNLM _erda |
||
| 041 | _amon | ||
| 042 | _a59392 | ||
| 084 |
_2NNA _a84(0)-44 _bЭ.649 |
||
| 100 | _aФрайле Э.А. | ||
| 245 | 0 | _aДууч хөвгүүд | |
| 264 |
_aУБ. _bМонсудар хэвлэлийн газар _c2017 |
||
| 300 | _a162х. | ||
| 336 |
_2rdacontent _atext _btxt |
||
| 337 |
_2rdamedia _aunmediated _bn |
||
| 338 |
_2rdacarrier _avolume _bnc |
||
| 650 | _a...Густав хүү аялал, газрын зураг, дуу хөгжимд дуртай. 1938 онд "Венын дууч хөвгүүд" найрал дууны чуулгын гишүүн байсан тэрээр 1... | ||
| 942 |
_2NNA _cBK |
||
| 999 |
_c895235 _d895292 |
||